<?xml version="1.0" encoding="UTF-8"?><?xml-stylesheet type="text/xsl" href="static/style.xsl"?><OAI-PMH xmlns="http://www.openarchives.org/OAI/2.0/" xmlns:xsi="http://www.w3.org/2001/XMLSchema-instance" xsi:schemaLocation="http://www.openarchives.org/OAI/2.0/ http://www.openarchives.org/OAI/2.0/OAI-PMH.xsd"><responseDate>2026-04-13T02:21:40Z</responseDate><request verb="GetRecord" identifier="oai:www.recercat.cat:10230/22042" metadataPrefix="marc">https://recercat.cat/oai/request</request><GetRecord><record><header><identifier>oai:recercat.cat:10230/22042</identifier><datestamp>2025-12-13T20:53:15Z</datestamp><setSpec>com_2072_6</setSpec><setSpec>col_2072_452954</setSpec></header><metadata><record xmlns="http://www.loc.gov/MARC21/slim" xmlns:dcterms="http://purl.org/dc/terms/" xmlns:xsi="http://www.w3.org/2001/XMLSchema-instance" xmlns:doc="http://www.lyncode.com/xoai" xsi:schemaLocation="http://www.loc.gov/MARC21/slim http://www.loc.gov/standards/marcxml/schema/MARC21slim.xsd">
   <leader>00925njm 22002777a 4500</leader>
   <datafield ind2=" " ind1=" " tag="042">
      <subfield code="a">dc</subfield>
   </datafield>
   <datafield ind2=" " ind1=" " tag="720">
      <subfield code="a">Hernández Soth, Noemí</subfield>
      <subfield code="e">author</subfield>
   </datafield>
   <datafield ind2=" " ind1=" " tag="260">
      <subfield code="c">2014-02-14T13:23:41Z</subfield>
   </datafield>
   <datafield ind2=" " ind1=" " tag="260">
      <subfield code="c">2014-02-14T13:23:41Z</subfield>
   </datafield>
   <datafield ind2=" " ind1=" " tag="260">
      <subfield code="c">2013</subfield>
   </datafield>
   <datafield ind2=" " ind1=" " tag="520">
      <subfield code="a">Treball de fi de grau d&amp;apos;Humanitats. Curs 2012-2013</subfield>
   </datafield>
   <datafield ind2=" " ind1=" " tag="520">
      <subfield code="a">Director: Amador Vega Esquerra</subfield>
   </datafield>
   <datafield ind2=" " ind1=" " tag="520">
      <subfield code="a">Las obras de arte se han visto sometidas a toda una serie contextos que pretenden legitimarlas mediante efectos de apropiación. Tanto las instituciones y los muesos como los especialistas, críticos, historiadores y filósofos del arte son los agentes que mediante sus respectivas competencias delimitan el mundo del arte y su naturaleza. Pero cada una de las competencias ha sido fundamentalmente desarrollada con un instrumento común: el discurso escrito o hablado. Si es el contexto en el que se da la obra de arte el factor que la determina, ¿qué queda entonces de la obra en sí misa?, ¿cómo se define respecto a estos contextos?, y ¿dónde están sus límites?</subfield>
   </datafield>
   <datafield tag="653" ind2=" " ind1=" ">
      <subfield code="a">Derrida, Jacques -- Crítica i interpretació</subfield>
   </datafield>
   <datafield tag="653" ind2=" " ind1=" ">
      <subfield code="a">Derrida, Jacques. Verdad en pintura</subfield>
   </datafield>
   <datafield tag="653" ind2=" " ind1=" ">
      <subfield code="a">Estètica moderna</subfield>
   </datafield>
   <datafield ind2="0" ind1="0" tag="245">
      <subfield code="a">Los marcos de la pintura. Una lectura de &amp;quot;La verdad en pintura&amp;quot; de Jacques Derrida</subfield>
   </datafield>
</record></metadata></record></GetRecord></OAI-PMH>